Loading...
| History - European | 2 | 0 | 0 | 0 | 30 | 67 | 69.00 | 1 | 1 | 0.00 | 0.00 |
| Other Arts: Auditory | 0 | 3 | 0 | 1 | 30 | 120 | 128.33 | 0 | 1 | 0.00 | 0.00 |
| Science - Chemistry | 2 | 0 | 0 | 0 | 30 | 75 | 85.00 | 1 | 1 | 0.00 | 0.00 |
| History - American | 1 | 0 | 0 | 0 | 15 | 64 | 64.00 | 1 | 1 | 0.00 | 0.00 |
| Social Science | 1 | 1 | 2 | 0 | 15 | 59 | 89.00 | 1 | 1 | 0.00 | 0.00 |
| 0 | 1 | 0 | 1 | 10 | 138 | 138.00 | 0 | 0 | 0.00 | 0.00 | |
| Chemistry> | 0 | 1 | 0 | 0 | 10 | 139 | 139.00 | 0 | 0 | 0.00 | 0.00 |
| Fine Arts - Visual | 0 | 1 | 0 | 0 | 10 | 145 | 145.00 | 1 | 1 | 0.00 | 0.00 |
| Geography | 0 | 1 | 0 | 0 | 10 | 87 | 87.00 | 1 | 1 | 0.00 | 0.00 |
| Other Science: Astronomy | 0 | 1 | 0 | 0 | 10 | 82 | 82.00 | 0 | 1 | 0.00 | 0.00 |
| Philosophy | 0 | 1 | 1 | 0 | 5 | 86 | 86.00 | 0 | 1 | 0.00 | 0.00 |
| Science - Physics | 0 | 0 | 1 | 0 | -5 | 0.00 | 0 | 0 | 0.00 | 0.00 | |
| Beliefs | 0 | 0 | 1 | 0 | -5 | 0.00 | 0 | 0 | 0.00 | 0.00 |